| 000 | 006460000a22002170004500 | ||
|---|---|---|---|
| 003 | LK-CoMWRAF | ||
| 005 | 20231120124230.0 | ||
| 008 | 230817t1996 ||||| |||| 00| 0 eng d | ||
| 020 | _a0905081595 | ||
| 040 |
_aLK-CoMWRAF _dLK-CoMWRAF _eLK-CoMWRAF |
||
| 041 | _aeng | ||
| 082 |
_a320.088 _bSID |
||
| 100 | _aSiddiqui, Kalim | ||
| 245 |
_aIn pursuit of the power of Islam : _bmajor writings of Kalim Siddiqui |
||
| 260 |
_aLondon : _bThe Open Press, _c1996 |
||
| 300 |
_a333 p. ; 23 cm. _bGlossary and index included |
||
| 650 | _aIslam- Political aspects | ||
| 650 | _aIslam and politics | ||
| 700 |
_aBangash,Zafar _ecomp. _eed. |
||
| 942 | _cBK | ||
| 999 |
_c113 _d113 |
||